Statistiques concernant Capitales selon leur nom romain

Cliquez ici pour prendre le quiz!

Statistiques générales

  • Ce quiz a été pris 98 fois
    (63 depuis la dernière actualisation)
  • Le résultat moyen est 9 sur 20

Statistiques - réponses

HintRéponse% Correct
ATHENAEAthènes
96%
ROMARome
96%
LONDINIVMLondres
90%
LVTETIAParis
88%
MONOECVSMonaco
70%
AELIA CAPITOLINAJérusalem
68%
TVNESTunis
68%
FELICITAS IVLIA, ou OLISIPPOLisbonne
66%
ANCYRAAnkara
60%
BERYTVSBeyrouth
28%
ICOSIVMAlger
26%
AQVINCVMBudapest
24%
SERDICASofia
24%
OEATripoli
24%
PHILADELPHIAAmman
22%
BIRZIMINIVMPodgorica
22%
VINDOBONAVienne
22%
SINGIDVNVMBelgrade
12%
EMONALjubljana
12%
GERVLATABratislava
10%

Distribution des résultats

Percentile par nombre de réponses

% des personnes avec chaque résultat

Votre développement - résultats

Vous n’avez pas pris ce quiz depuis la dernière actualisation